000 00599nam a2200229 i 4500
001 bg
100 1 _aCOOKE, Ann
245 1 0 _aTackling dyslexia /
_cAnn Cooke.
250 _a2nd ed.
260 _aLondon ;
_aPhiladelphia :
_bWhurr,
_c2002.
300 _aX, :
_b270 s. +
_e21 cm.
504 _aIndeks.
650 9 _aDysleksja i dysgrafia
020 _a1861560656
040 _cBPK
041 0 _aen
080 _a372.41+372.45
920 _a1-86156-065-6
942 _cKS
008 s pl f |000 0 pol
999 _c42275
_d42275
856 _uhttp://koha.tu.koszalin.pl/cgi-bin/koha/opac-detail.pl?biblionumber=42275
_yKatalog online BPK